000 00595nam a2200181Ia 4500
005 20250508160031.0
008 008 250505s9999 xx 000 0 eng d
037 _aBooks to be hide in OPAC
040 _aFEDL
_beng
_cFEDL
041 _aeng
_2eng
084 _a379.109 429, GRE/O
_qFEDL
245 0 _aStatistics of public education in Wales. Part 1. Educational statistics. 1912-13
245 0 _cBoard of Education
260 _aLondon, UK
_bHis Majesty's Stationery Office
_c1915
300 _aix,202p.
942 _cHB
_h379.109 429, GRE/O
999 _c1361245
_d1361245